000 00447ntaaa2200169 4500
003 01
005 20251027201553.0
008 0714s1973 ag 01
040 _aAR-BaBN
_bspa
_cAR-BaBN
_eaacr
_dRIC
082 _a230.0000 C84
100 _aCraig, Samuel G.
_914342
245 _aChristianity Rightly So Called
250 _a4 ed. :
_bPresbyterian and Reformed Publishing Co.,
_c1957
300 _aviii, 275 p.
650 _aTeologĂ­a
942 _cBK
999 _c10298
_d10298